Statystyki dla Rozpoznaj Flagi Tych Państw #5

Kliknij tutaj aby rozwiązać quiz!

Ogólne statystyki

  • Ten quiz został rozwiązany 275 razy
  • Średni wynik to 18 z 24

Statystyki odpowiedzi

Odpowiedź% Poprawnych
Estonia
96%
Macedonia
96%
Łotwa
94%
Luksemburg
94%
Malta
94%
Gruzja
93%
San Marino
93%
Liechtenstein
89%
Nepal
87%
Kenia
85%
Bhutan
81%
Dominikana
81%
Malezja
81%
Tajlandia
79%
Gwatemala
68%
Bahamy
66%
Nikaragua
64%
Tajwan
63%
Salwador
62%
Belize
60%
Libia
59%
Surinam
55%
Grenada
49%
Samoa
44%

Rozkład punktacji

Percentyl według liczby udzielonych odpowiedzi

Procent ludzi z każdym wynikiem

Twoja historia wyników

Nie rozwiązałeś tego quizu